000 01136nam0a22002411 4500
001 rc\1090239
005 20260407142637.0
035 _a(NLR Aleph) 006337155
090 _a7606173
_c7606173
100 _a20041126d1983 |||y0rusy50 ca
101 0 _arus
102 _aRU
105 _ay |||||||||
200 1 _aОсобенности подготовки и протезирования больных пожилого и старческого возраста после ампутации бедра
_eМетод. рекомендации
_fМ-во соц. обеспечения РСФСР, Респ. пром. протез.-ортопед. об-ние, ЦНИИ протезирования и протезостроения
_g[Сост. Б.М. Сайманов и др.]
210 _aМ.
_cЦНИИПП
_d1983
215 _a12 с.
_d21
702 1 _aСайманов
_bБ.М.
_4220
712 0 2 _aЦНИИ протезирования и протезостроения
_cМосква
_3RU\NLR\AUTH\8810012935
_9523714
801 0 _aRU
_bNLR
_gpsbo
801 1 _aRU
_bELAR
_2rusmarc
852 _aNLR
_j83-4/27501
942 _cBOOK
980 _aNB